• 首页
  • 本馆介绍
  • 公告通知
  • 最新文献
  • 馆藏检索
  • 电子资源
  • 读者导购
  • 参考咨询
  • 我的图书馆
  • 登录
  • 详细信息显示
  • 放入我的书架
  • 预约/预借图书
  • 作者相关作品
  • 分类相关作品
  • 丛书相关作品
  • 出版社相关作品

书目信息

  • 表格格式
  • 工作单格式
  • 卡片格式
题名:
实用电源技术手册
    
 
作者: 刘选忠 主编 ;杨拴科 副主编
分册:   模块式电源分册
出版信息: 沈阳   辽宁科学技术出版社  1999
页数: 159页
开本: 26cm
丛书名:
单 册:
中图分类: TM91
科图分类:
主题词: 电源--技术--模块
电子资源:
ISBN: 7-5381-2877-8
000 00910nam0 2200241 45
001 070000000585
005 20050914082244.17
010    @a7-5381-2877-8@dCNY20.00
100    @a20040309d1999 ekmy0chiy0120 ea
101 0  @achi
102    @aCN@b210000
105    @aak z 000yy
200 1  @a实用电源技术手册@Ashi yong dian yuan ji shu shou ce@i模块式电源分册@f刘选忠主编@Fliu xuan zhong zhu bian@g杨拴科副主编
210    @a沈阳@c辽宁科学技术出版社@d1999
215    @a159页@c图@d26cm
330    @a本书介绍了各种模块式电源的特点、内部原理框图、工作原理、主要性能指标、应用电路、抗干扰设计、测试、可靠性、热设计和以模块电源为基础的分布式电源系统设计。
517 1  @a模块式电源分册@Amo kuai shi dian yuan fen ce
606 0  @a电源@x技术@x模块
690    @aTM91@v4
701  0 @a刘选忠@Aliu xuan zhong@4主编
702  0 @a杨拴科@Ayang shuan ke@4副主编
801  0 @aCN@bTSSF@c20050914
905    @a10447@dTM91@e78
    
    实用电源技术手册.模块式电源分册/刘选忠主编/杨拴科副主编.-沈阳:辽宁科学技术出版社,1999
    159页:图;26cm
    
    
    ISBN 7-5381-2877-8:CNY20.00
    本书介绍了各种模块式电源的特点、内部原理框图、工作原理、主要性能指标、应用电路、抗干扰设计、测试、可靠性、热设计和以模块电源为基础的分布式电源系统设计。
●
相关链接 在E读中查询图书 在五车中查询图书 在当当中查询图书 在豆瓣中查询图书


正题名:实用电源技术手册     索取号:TM91/78         预约/预借

序号 登录号 条形码 馆藏地/架位号 状态 备注
1 0360966   3609660   第二样本阅览室/ [索取号:TM91/78] 在馆    
2 0360967   3609679   第三借阅区/ [索取号:TM91/78] 在馆    
3 0360968   3609688   第三借阅区/ [索取号:TM91/78] 在馆    
唐山师范学院图书馆 欢迎您!
大连网信软件有限公司© 版权所有